Dedina pod snehom

Bibliographic Details
Main Author: Modersohn, Friedrich Wilhelm Otto, 1865-1943 (Author)
Format: Article
Language:Slovak
Subjects:

MARC

LEADER 00000nab a22000001a 4500
001 vtls009315445
003 SK-MaSNL
005 20260303055917.0
008 080728d19350220xo |r|p|||| |000 b|slo
015 |a SNBRRBVU1918-1938 
015 |a SNBRB1918-1938 
038 |a SNKBUCL 
038 |a SNKBUVU 
040 |a SNKBUVU  |b slo  |c SNKBUCL  |e AACR2 
041 0 |a slo 
044 |a xo  |c SK 
080 |a 75.071.1  |2 1997 
080 |a 75.051:7.021.32  |2 1997 
100 1 |a Modersohn, Friedrich Wilhelm Otto,  |d 1865-1943  |4 aut  |9 1051950 
245 1 0 |a Dedina pod snehom  |c Otto Modersohn 
650 0 7 |a nemecké maliarstvo  |2 MM  |9 3120 
650 0 7 |a maľby  |2 MM  |9 313520 
650 0 7 |a olejomaľba  |2 snkbucl  |9 30054 
655 7 |a reprodukcie výtvarných diel  |2 MM  |9 310790 
773 0 |t Slovenský ľud  |g Roč. 15, č. 8 (20.2.1935), s. 117 
852 |a SNK  |b KIS3GCP 
910 |a snkrbvumm 
958 |a VY 
958 |a DE 
999 |c 1729331  |d 1731261